Design and performance evaluation of advanced membrane bioreactor for polp and paper industrial wastewater (Record no. 393549)

MARC details
000 -LEADER
fixed length control field 00589nam a2200193 4500
005 - DATE & TIME
control field 20250926105252.0
008 - FIXED-LENGTH DATA ELEMENTS--GENERAL INFORMATION
fixed length control field 250926b |||||||| |||| 00| 0 eng d
040 ## - CATALOGING SOURCE
Original cataloging agency VIVEKANANDA LIBRARY
082 ## - DDC NUMBER
Classification number 628.162
Book Number S94D
100 ## - MAIN ENTRY--PERSONAL NAME
Personal name Savita
245 ## - TITLE STATEMENT
Title Design and performance evaluation of advanced membrane bioreactor for polp and paper industrial wastewater
260 ## - PUBLICATION, DISTRIBUTION, ETC. (IMPRINT)
Name of publisher, distributor, etc Deaprtment of Environmental Science, M D University, Rohtak
Date of publication, distribution, etc 2025
300 ## - PHYSICAL DESCRIPTION
Pages xiv, 219
650 ## - Subject
Subject Environmental Science
650 ## - Subject
Subject Industrial Wastewater
700 ## - Added Entry Personal Name
Added Entry Personal Name Dhankhar, Rajesh
942 ## - ADDED ENTRY ELEMENTS (KOHA)
Koha item type Thesis
Holdings
Withdrawn status Lost status Source of classification or shelving scheme Damaged status Not for loan Location (home branch) Sublocation or collection (holding branch) Shelving location Date acquired Koha issues (times borrowed) Koha full call number Accession No. Koha date last seen Copy number Koha item type
    Dewey Decimal Classification     VIVEKANANDA LIBRARY VIVEKANANDA LIBRARY Vivekananda Library 26/09/2025   628.162 S94D 411147 26/09/2025 R Thesis
© Designed and Maintained by Vivekananda Library, MDU Rohtak